Modifikácia glutatiónového metabolizmu buniek izotiokyanátmi a flavonoidmi

Enregistré dans:
Détails bibliographiques
Auteur principal: Berczeliová, Elena (Auteur)
Format: Manuscrit Livre
Langue:slovaque
Publié: Bratislava : STU v Bratislave FCHPT, 2002
Édition:Obháj.: 3.6.2002
Tags: Ajouter un tag
Pas de tags, Soyez le premier à ajouter un tag!

MARC

LEADER 00000ntm a22000003a 4500
001 stu76600
005 20150617225645.5
008 020711s2002----xo------------------slo-d
040 |a STU  |b slo 
041 0 |a slo 
044 |a xo 
100 1 |a Berczeliová, Elena  |4 aut 
245 1 |a Modifikácia glutatiónového metabolizmu buniek izotiokyanátmi a flavonoidmi 
250 |a Obháj.: 3.6.2002 
260 |a Bratislava :  |b STU v Bratislave FCHPT,  |c 2002 
300 |a 73 s. Tab.,grafy,lit 
500 |a Špec.: Biomedicínske inžinierstvo, biochémia a mikrobiológia 
996 |b 284C026974  |c C*D13600  |l CCI  |s A  |a 24  |w stu76600_0001